000
00324nam a2200133Ia 4500
008
240624s9999 xx 000 0 und d
041
_a
eng
082
_a
332 JUT
100
_a
JUTUR SHARATH
245
_a
FINANCIAL BUBBLES
260
_c
2005
_a
Hyderabad
_b
ICFAI University
300
_a
v, : 317 : p. : cm. ; 23
365
_c
RS
999
_c
2850
_d
2850